<?xml version="1.0" encoding="UTF-8"?>
<collection xmlns="http://www.loc.gov/MARC21/slim">
<record>
  <controlfield tag="001">144807</controlfield>
  <controlfield tag="005">20240912134240.0</controlfield>
  <datafield tag="020" ind1=" " ind2=" ">
    <subfield code="a">9788413885605</subfield>
  </datafield>
  <datafield tag="037" ind1=" " ind2=" ">
    <subfield code="a">BOOK-2024-172</subfield>
  </datafield>
  <datafield tag="041" ind1=" " ind2=" ">
    <subfield code="a">spa</subfield>
  </datafield>
  <datafield tag="100" ind1=" " ind2=" ">
    <subfield code="a">Chéliz Inglés, María del Carmen </subfield>
    <subfield code="b"></subfield>
  </datafield>
  <datafield tag="245" ind1=" " ind2=" ">
    <subfield code="a">La vulnerabilidad de los menores en los procesos migratorios: marco jurídico y vías de protección</subfield>
  </datafield>
  <datafield tag="260" ind1=" " ind2=" ">
    <subfield code="a"></subfield>
    <subfield code="b">Universidad de Zaragoza</subfield>
    <subfield code="c">2022</subfield>
  </datafield>
  <datafield tag="520" ind1=" " ind2=" ">
    <subfield code="a">En la actualidad, el fenómeno de los desplazamientos forzosos que afectan a menores es una realidad creciente en la UE. Estos menores requieren una especial protección, atendiendo a la situación particularmente vulnerable en la que se encuentran, en tanto que niños y migrantes. En este sentido, la Convención sobre los Derechos del Niño establece un marco de protección de la infancia que se aplica a todos los niños, con independencia de su estatus migratorio. Además, los menores refugiados también disfrutan de los derechos reconocidos por la Convención de Ginebra. Por otra parte, la Unión Europea cuenta con un Sistema Europeo Común de Asilo, que contiene disposiciones específicas aplicables a los menores refugiados. En el ámbito del Derecho Internacional Privado, existen una multiplicidad de fuentes que regulan la adopción de medidas de protección de estos niños, entre las que destacan el Convenio de La Haya de 1996, el Reglamento Bruselas II bis y el novedoso Reglamento Bruselas II ter, cuyos ámbitos de aplicación se van a ver solapados en muchas ocasiones. La existencia de esta multiplicidad de fuentes deriva en un sistema dotado de una gran complejidad, en el que se entremezcla (no siempre en armonía) la normativa de extranjería con los instrumentos de Derecho Internacional Privado. En este contexto, el objetivo de la presente comunicación es delimitar correctamente el ámbito de aplicación de cada instrumento, y proporcionar una respuesta eficaz desde el Derecho Internacional Privado a las cuestiones jurídicas planteadas en torno a los menores en los procesos migratorios.</subfield>
  </datafield>
  <datafield tag="856" ind1="0" ind2=" ">
    <subfield code="f">amorato@unizar.es</subfield>
  </datafield>
  <datafield tag="856" ind1="4" ind2=" ">
    <subfield code="u">http://zaguan.unizar.es/record/144807/files/BOOK-2024-172.pdf</subfield>
    <subfield code="z">Sin acceso</subfield>
    <subfield code="s">159409</subfield>
    <subfield code="y">Sin acceso</subfield>
  </datafield>
  <datafield tag="909" ind1="C" ind2="O">
    <subfield code="o">oai:zaguan.unizar.es:144807</subfield>
    <subfield code="p">books</subfield>
  </datafield>
  <datafield tag="773" ind1=" " ind2=" ">
    <subfield code="t">La Protección de la infancia migrante frente a las diferentes caras de la violencia de género, la discriminación y la trata</subfield>
  </datafield>
  <datafield tag="540" ind1=" " ind2=" ">
    <subfield code="9">info:eu-repo/semantics/closedAccess</subfield>
  </datafield>
  <datafield tag="506" ind1=" " ind2=" ">
    <subfield code="a">all-rights-reserved</subfield>
  </datafield>
  <datafield tag="980" ind1=" " ind2=" ">
    <subfield code="a">BOOK</subfield>
    <subfield code="b">CAPITULOS</subfield>
    <subfield code="b"></subfield>
  </datafield>
</record>
</collection>